000 00798nam a2200241Ia 4500
003 OSt
005 20220923212412.0
006 a|||||r|||| 00| 0
007 ta
008 220922b |||||||| |||| 00| 0 hin d
024 _a152,632
037 _cTextual
040 _aARTS
_cARTS
_bhin
041 _2hin
_ahin
082 _aNA2,E, 152L5.1-.3
100 _aधोष, अमला नंद, संपा.
_9162432
245 0 _aजैन कला एवं स्थापत्य
246 _aJain kalā evan sthāpatya
260 _aनई दिल्ली
_b भारतीय ज्ञानपीठ
_c1975
300 _a626 पृ.
_ccm.
942 _hNA2,E, 152L5.1-.3
_cTEXL
_2CC
999 _c308281
_d308281